Проектирование конструкции механизмов буровых машин; Молодежь и современные информационные технологии; Т. 1

Podrobná bibliografie
Parent link:Молодежь и современные информационные технологии: сборник трудов XII Всероссийской научно-практической конференции студентов, аспирантов и молодых ученых, г. Томск, 12-14 ноября 2014 г./ Национальный исследовательский Томский политехнический университет (ТПУ), Институт кибернетики (ИК) ; ред. кол. Е. А. Сикора [и др.].— , 2014
Т. 1.— 2014.— [С. 256-257]
Hlavní autor: Коровкин П. В.
Korporativní autor: Национальный исследовательский Томский политехнический университет (ТПУ)
Shrnutí:Заглавие с титульного экрана
Jazyk:ruština
Vydáno: 2014
Edice:Математическое моделирование и компьютерный анализ данных
Témata:
On-line přístup:http://earchive.tpu.ru/handle/11683/20420
http://www.lib.tpu.ru/fulltext/c/2014/C04/V1/120.pdf
Médium: Elektronický zdroj Kapitola
KOHA link:https://koha.lib.tpu.ru/cgi-bin/koha/opac-detail.pl?biblionumber=610637

MARC

LEADER 00000naa2a2200000 4500
001 610637
005 20260428142804.0
035 |a (RuTPU)RU\TPU\conf\8252 
035 |a RU\TPU\conf\8251 
090 |a 610637 
100 |a 20150130d2014 k y0rusy50 ca 
101 0 |a rus 
102 |a RU 
135 |a drgn ---uucaa 
181 0 |a i  
182 0 |a b 
200 1 |a Проектирование конструкции механизмов буровых машин  |f П. В. Коровкин 
203 |a Текст  |c электронный 
225 1 |a Математическое моделирование и компьютерный анализ данных 
300 |a Заглавие с титульного экрана 
320 |a [Библиогр.: с. 257 (11 назв.)] 
337 |a Adobe Reader 
461 1 |0 (RuTPU)RU\TPU\conf\7802  |t Молодежь и современные информационные технологии  |o сборник трудов XII Всероссийской научно-практической конференции студентов, аспирантов и молодых ученых, г. Томск, 12-14 ноября 2014 г.  |o в 2 т.  |f Национальный исследовательский Томский политехнический университет (ТПУ), Институт кибернетики (ИК) ; ред. кол. Е. А. Сикора [и др.]  |d 2014 
463 0 |0 (RuTPU)RU\TPU\conf\7790  |t Т. 1  |v [С. 256-257]  |d 2014 
610 1 |a труды учёных ТПУ 
610 1 |a электронный ресурс 
610 1 |a проектирование 
610 1 |a конструкции 
610 1 |a механизмы 
610 1 |a буровые машины 
610 1 |a гидроударные машины 
610 1 |a гидроударники 
700 1 |a Коровкин  |b П. В. 
712 0 2 |a Национальный исследовательский Томский политехнический университет (ТПУ)  |c (2009- )  |3 (RuTPU)RU\TPU\col\15902 
801 2 |a RU  |b 63413507  |c 20210318  |g RCR 
856 4 |u http://earchive.tpu.ru/handle/11683/20420 
856 4 |u http://www.lib.tpu.ru/fulltext/c/2014/C04/V1/120.pdf 
942 |c BK